| 000 | 00483nam a22001817a 4500 | ||
|---|---|---|---|
| 003 | CEME | ||
| 005 | 20210628202725.0 | ||
| 008 | 210115b xxu||||| |||| 00| 0 eng d | ||
| 020 | _a9788177583786 | ||
| 040 | _c. | ||
| 082 | _a005.12 ROY | ||
| 100 |
_aRoyce, Walker _961257 |
||
| 245 | _aSoftware project management,a unified framework | ||
| 260 |
_aINDIA _bPEARSON EDUCATION _c2013 |
||
| 300 | _aXXVIII, 406P | ||
| 650 |
_aSOFTWARE PROJECT MANAGEMENT _961127 |
||
| 942 |
_cBK _2ddc |
||
| 999 |
_c570771 _d570771 |
||